Guess the Sondheim Lyrics! 2 Quiz Stats

 Plays Quiz not verified by Sporcle

Support Sporcle.
Go Orange.
Score 0/200 Timer 05:00
0 Plays Today
% Correct
and
97.3%
the
97.3%
a
97.3%
a
97.3%
a
97.3%
a
97.3%
a
97.3%
and
97.3%
the
97.3%
and
97.3%
the
97.3%
a
97.3%
and
97.3%
a
97.3%
the
97.3%
a
97.3%
the
97.3%
and
97.3%
the
97.3%
the
97.3%
and
97.3%
the
97.3%
and
97.3%
the
97.3%
a
97.3%
the
97.3%
and
97.3%
the
97.3%
and
97.3%
the
97.3%
and
97.3%
the
97.3%
the
97.3%
and
97.3%
a
97.3%
the
97.3%
And
97.3%
a
97.3%
the
97.3%
and
97.3%
a
97.3%
and
97.3%
a
97.3%
and
97.3%
a
97.3%
the
97.3%
and
97.3%
the
97.3%
a
97.3%
the
97.3%
and
97.3%
a
97.3%
a
97.3%
the
97.3%
and
97.3%
the
97.3%
the
97.3%
and
97.3%
the
97.3%
and
97.3%
the
97.3%
I
96.5%
I
96.5%
we
70.6%
we
70.6%
to
68.8%
to
68.8%
% Correct
to
68.8%
to
68.8%
to
68.8%
to
68.8%
in
64.1%
in
64.1%
In
64.1%
in
64.1%
in
64.1%
in
64.1%
in
64.1%
on
61.7%
be
61.4%
be
61.4%
can,
56.7%
of
55.7%
of
55.7%
of
55.7%
of
55.7%
go
54.4%
go
54.4%
are
53.4%
what
53%
what
53%
what
53%
my
52.9%
my
52.9%
for
52%
if
50%
There
46%
It's
43.1%
It's
43.1%
It's
43.1%
It's
43.1%
It's
43.1%
from
37.1%
from
37.1%
we'll
34.7%
we'll
34.7%
by.
34.2%
by.
34.2%
Or
31.9%
I'll
31.2%
I'll
31.2%
son,
30.9%
hat
30.2%
marry
29.5%
marry
29.5%
with
29.5%
shall
29.4%
shall
29.4%
think
29%
miller's
28.2%
meanwhile...
26.5%
meanwhile...
26.5%
meanwhile.
26.5%
Meanwhile...
26.5%
nice
26%
dancing,
26%
dancing.
26%
light
25.7%
piece
24.8%
nights,
24.8%
nights,
24.8%
property.
24.7%
very
24.7%
very
24.7%
% Correct
very
24.7%
pin
24.3%
bit
24.3%
girl
23.5%
Friday
23.3%
fun,
23.3%
Friday
23.3%
short
21.8%
short
21.8%
short
21.8%
before
20.6%
pinch
20%
pinch
20%
passes
19.8%
passes
19.8%
mouths
19.1%
mouths
19.1%
lot
19.1%
fed,
19%
kissed
18.8%
fandango,
18.5%
road
18%
road
18%
trip
17.8%
middle
17.1%
fat
16.9%
celebrate
16.6%
paunch
16.4%
pension.
16.4%
Five
16.4%
babies,
16.1%
businessman.
15.4%
lots
15.4%
grass,
15.3%
security.
15.1%
pouch
14.4%
ten
14.4%
lunch
14.4%
giggle
14.3%
punch
14.3%
eye.
14.1%
wiggle
13.8%
ought
13.8%
thousandth
13.1%
diddle
12.9%
between
12.8%
wink
12.2%
sigh.
11.9%
sheets
11.4%
meets
11.4%
tumble
10.6%
fancy,
10.1%
belch
9.7%
highland
9.7%
push
9.1%
push
9.1%
grouch
8.6%
fumble
8.1%
flutter
7.7%
butter
7.6%
dip
7%
foot
6.5%
stoop
5.9%
whoop
5.7%
squint
4.2%
fetch
1.7%

You're not logged in!

Compare scores with friends on all Sporcle quizzes.
OR
Log In

From the Vault

World by Any 2 Letters Blitz

by goc3

This is really a typing challenge in disguise.
Remove Ads.
Support Sporcle.
Get the best of Sporcle when you Go Orange. This ad-free experience offers more features, more stats, and more fun while also helping to support Sporcle. Thank you for becoming a member.

Show Comments

Extras

Top Quizzes Today


Score Distribution

Your Account Isn't Verified!

In order to create a playlist on Sporcle, you need to verify the email address you used during registration. Go to your Sporcle Settings to finish the process.

Report this User

Report this user for behavior that violates our Community Guidelines.

Details: